[Event "SRI-chB (Women)"]
[Site "Colombo"]
[Date "2014.02.27"]
[Round "4"]
[White "Maheshika, DMP"]
[Black "Silva, E Nisini Nethmila"]
[Result "0-1"]
[WhiteElo "1690"]
[BlackElo "1407"]
[PlyCount "88"]
[EventDate "2014.02.26"]
[EventType "swiss"]
[EventRounds "10"]
[EventCountry "SRI"]
[SourceTitle "CBM 159 Extra"]
[Source "ChessBase"]
[SourceDate "2014.04.24"]
[SourceVersion "1"]
[SourceVersionDate "2014.04.24"]
[SourceQuality "1"]

1. d4 Nf6 2. Nf3 e6 3. Bf4 c5 4. c3 cxd4 5. Nxd4 Bc5 6. e3 Qb6 7. Qc2 Nc6 8. Nb5 Nd5 9. Bg3 a6 10. Nd4 Nce7 11. Nd2 Bxd4 12. exd4 Nf5 13. Be5 d6 14. Bg3 Nxg3 15. hxg3 Bd7 16. Nc4 Qc7 17. Rxh7 Rg8 18. Qd1 b5 19. Nd2 Rc8 20. Bd3 Nf6 21. Rh2 Ke7 22. Qe2 Rh8 23. Rxh8 Rxh8 24. 0-0-0 Rc8 25. Kb1 Qb7 26. f4 Bc6 27. Nf3 Be4 28. Re1 Bxd3+ 29. Qxd3 g6 30. Nh4 Kd7 31. f5 gxf5 32. Nxf5 Qxg2 33. Nh4 Qd5 34. Qf1 Qg5 35. Qf3 d5 36. Rf1 Ke7 37. Ng2 Rg8 38. Kc2 Ne4 39. g4 Nd2 40. Qf2 Nxf1 41. Qxf1 Qxg4 42. Ne3 Qe4+ 43. Qd3 Qxd3+ 44. Kxd3 f5 0-1

[Event "SRI-chB (Women)"]
[Site "Colombo"]
[Date "2014.02.26"]
[Round "2"]
[White "Silva, E Nisini Nethmila"]
[Black "Gunaratne, Manisha Suchini"]
[Result "0-1"]
[WhiteElo "1407"]
[BlackElo "1684"]
[PlyCount "66"]
[EventDate "2014.02.26"]
[EventType "swiss"]
[EventRounds "10"]
[EventCountry "SRI"]
[SourceTitle "CBM 159 Extra"]
[Source "ChessBase"]
[SourceDate "2014.04.24"]
[SourceVersion "1"]
[SourceVersionDate "2014.04.24"]
[SourceQuality "1"]

1. d4 Nf6 2. c4 g6 3. Nc3 Bg7 4. e4 d6 5. Be2 0-0 6. g4 Na6 7. a3 c5 8. d5 Nc7 9. h4 a6 10. h5 b5 11. hxg6 fxg6 12. g5 Nd7 13. Nf3 bxc4 14. Bxc4 Nb6 15. Be2 e6 16. Qb3 Rb8 17. Qd1 exd5 18. exd5 Qe7 19. Be3 Bg4 20. Rh4 Bf5 21. Bxc5 Nd7 22. Bb4 a5 23. Bxa5 Rxb2 24. Rc1 Nc5 25. Kf1 Nb3 26. Na4 Nxc1 27. Nxb2 Bxb2 28. Qd2 Qxe2+ 29. Qxe2 Nxe2 30. Kxe2 Nxd5 31. a4 Be6 32. Nd4 Nf4+ 33. Rxf4 Rxf4 0-1